000 02804cam a2200625 i 4500
001 22545193
003 BJBSDDR
005 20241125102720.0
007 ta
008 220513s2023 nyua b 000 0ceng
010 _a 2022014118
020 _a9781982171667 (hardcover)
020 _a1982171669 (hardcover)
020 _z9781982171681 (ebook)
040 _aDLC
_beng
_erda
_cDLC
_dDLC
041 _aeng
042 _apcc
043 _an-us---
050 1 4 _aPN 6725
_bS793a 2023
082 0 0 _a741.5/973
100 1 _aStapinski, Helene,
_d1965-
_939440
245 1 4 _aThe American way :
_ba true story of Nazi escape, Superman and Marilyn Monroe /
_cHelene Stapinski and Bonnie Siegler.
250 _aFirst Simon & Schuster hardcover edition.
264 1 _aNew York :
_bSimon & Schuster,
_c2023.
300 _a366 pages :
_billustrations ;
_c24 cm.
336 _atext
_btxt
_2rdacontent
337 _aunmediated
_bn
_2rdamedia
338 _avolume
_bnc
_2rdacarrier
504 _aIncludes bibliographical references.
505 0 _aHarry Donenfeld Jules Schulback Superman Marilyn Monroe
520 _a"An exuberant true-life adventure following two very different men - a loveable huckster turned publisher of DC Comics and the man he helped escape from 1930s Berlin - as they cross paths with icons of midcentury pop culture in pursuit of the American dream"--
_cProvided by publisher.
600 1 0 _aDonenfeld, Harry
_c(Comic book publisher)
600 1 4 _aDonenfeld, Harry
_c(Editor de cómics)
_939565
600 1 4 _aSchulback, Jules
_939566
600 0 0 _aSuperman
_c(Fictitious character)
600 0 4 _aSuperman
_c(Personaje ficticio)
_939567
600 1 4 _aMonroe, Marilyn,
_d1926-1962
_927638
610 2 0 _aDC Comics, Inc
_xHistory.
610 2 4 _aDC Comics
_xHistoria
_939568
650 4 _aTiras cómicas, historietas, etc.
_xPublicación
_zEstados Unidos
_xHistoria
_ySiglo XX
_928480
650 0 _aImmigrants
_zUnited States
_vBiography.
650 4 _aInmigrantes
_zEstados Unidos
_9167
650 0 _aGerman Americans
_vBiography.
650 0 _aComic books, strips, etc
_xPublishing
_zUnited States
_xHistory
_y20th century.
650 0 _aPublishers and publishing
_zUnited States
_vBiography.
650 4 _aEditores y publicaciones
_zEstados Unidos
_vBiografía
_929839
650 0 _aJews
_zUnited States
_vBiography.
650 4 _aJudíos en Estados Unidos
_vBiografías
_923137
700 1 _aSiegler, Bonnie,
_d1963-
_939442
776 0 8 _iOnline version:
_aStapinski, Helene.
_tAmerican way
_dNew York : Simon & Schuster, 2023
_z9781982171681
_w(DLC) 2022014119
906 _a7
_bcbc
_corignew
_d1
_eecip
_f20
_gy-gencatlg
942 _2lcc
_cBK
946 _idpf
999 _c122417
_d122417